000
00220nam a22000857a 4500
008
240408b |||||||| |||| 00| 0 eng d
020
_a
9789355558794
100
_a
MTG LEARNING MRDIA LTD
_9
7767
245
_a
PHYSICS CLASS XI-XII
999
_c
12567
_d
12567